| 000 | 01148cab a2200241 4500 | ||
|---|---|---|---|
| 001 | X178 | ||
| 008 | 090401t1991 xxu||||| |||| 00| 0 eng d | ||
| 035 | _a(Sirsi) u64264 | ||
| 041 | _aeng | ||
| 100 | _aMohsini, R. A. | ||
| 245 | _aDeterminants of performance in the tradional building process | ||
| 260 | _c1991 | ||
| 350 | _a0 | ||
| 490 |
_aConstruction Management & Economics _v10, 1991, 343-359(18) |
||
| 520 | _aEven though an estimated 80% of all building projects are procured by some form of the traditional building process, the project to project variations in performance are still subjectively and individually explained. Using interorganisational conflict among the project`s task-organisations as a yardstick, the impact of a number of conflict-inducing organisational variables upon project cost, time and quality is measured and significant determinants of performance at these three levels are identified. | ||
| 650 | _aBUILDING PROCUREMENT | ||
| 650 | _aProcurement-old | ||
| 650 | _aPROJECT PERFORMANCE | ||
| 650 | _aREGRESSION ANALYSIS | ||
| 690 |
_aProject management _96261 |
||
| 942 | _n0 | ||
| 948 | _c04/03/1997 | ||
| 999 |
_c40013 _d40013 |
||